Countries of Europe by land area with a map (Whammies) - Statistics

General Stats
  • This quiz has been taken 29 times
  • The average score is 30 of 45
Answers on the Map
Answers color-coded by a green-red scale on the quiz's map according to % correct below.
 
Answer Stats
First Letter
of country
Answer Km2 % Correct
V/C Vatican City 0
100%
A Andorra 468
95%
K Kosovo 10,887
95%
L Liechtenstein 160
95%
M Malta 316
95%
M Monaco 2
95%
N/M North Macedonia 25,713
95%
S/M San Marino 61
95%
L Luxembourg 2,586
90%
A Albania 28,748
80%
B Belgium 30,528
80%
M Moldova 33,847
80%
M Montenegro 13,888
80%
S Slovenia 20,273
80%
D Denmark 2,210,579
65%
E Estonia 45,399
65%
F France 543,941
65%
R Russia 3,952,550
65%
U Ukraine 603,549
65%
B/A/H Bosnia and Herzegovina 51,209
60%
G Germany 357,581
60%
S Spain 498,485
60%
S Sweden 438,574
60%
U/K United Kingdom 244,381
60%
B Belarus 207,600
55%
C/R Czech Republic 78,871
55%
F Finland 336,884
55%
H Hungary 93,025
55%
I Italy 301,958
55%
N Norway 323,802
55%
P Poland 312,679
55%
R Romania 238,298
55%
A Austria 83,878
50%
B Bulgaria 110,994
50%
C Croatia 56,594
50%
G Greece 131,957
50%
I Iceland 103,000
50%
I Ireland 69,825
50%
N Netherlands 41,543
50%
P Portugal 91,424
50%
S Switzerland 41,291
50%
L Latvia 64,594
45%
L Lithuania 65,286
45%
S Serbia 88,499
45%
S Slovakia 49,035
45%
No matching quizzes found
Score Distribution
Percent of People with Each Score
Percentile by Number Answered
Your Score History
You have not taken this quiz